[Event "Bulgaria ch 2012"]
[Site "Panagyurishte BUL"]
[Date "2012.04.21"]
[Round "4.6"]
[White "Delchev, Aleksander"]
[Black "Enchev, Ivajlo"]
[Result "1/2-1/2"]
[WhiteElo "2622"]
[BlackElo "2432"]
[PlyCount "119"]
[EventDate "2012.04.18"]
[EventType "tourn"]
[EventRounds "11"]
[EventCountry "BUL"]
[EventCategory "11"]
[Source "lmi"]
[SourceDate "2012.04.18"]

1. c4 c5 2. Nf3 g6 3. d4 cxd4 4. Nxd4 Nf6 5. Nc3 Bg7 6. e4 d6 7. Be2 O-O 8. O-O
Nc6 9. Nc2 Be6 10. Rb1 Nd7 11. Nd5 Nc5 12. f3 a5 13. Nce3 Nd4 14. b3 f5 15.
exf5 Nxf5 16. Kh1 Bd7 17. Bb2 e5 18. Nxf5 Rxf5 19. Ne3 Rf6 20. Qe1 Bc6 21. Rd1
Qf8 22. Nd5 Rf7 23. Bc3 Ne6 24. Bd3 a4 25. b4 Bxd5 26. cxd5 Nd4 27. Be4 Rc8 28.
Rd3 Rc4 29. Bxd4 exd4 30. a3 Bh6 31. Qe2 Rfc7 32. Rdd1 Be3 33. f4 Rc1 34. g3
Qe8 35. Bd3 Qf7 36. Qf3 Rxd1 37. Rxd1 Rc3 38. f5 gxf5 39. Bxf5 Kh8 40. Qe4 Rxa3
41. Rf1 Ra2 42. h4 Rf2 43. Rxf2 Bxf2 44. Qe6 Qxe6 45. dxe6 Kg7 46. e7 Kf7 47.
Kg2 Be1 48. Bd7 Kxe7 49. Bxa4 Bxb4 50. Bc2 h6 51. g4 Be1 52. g5 Bxh4 53. gxh6
d5 54. Kf3 Kd6 55. Ke2 Kc5 56. Kd3 Bf6 57. Bb3 b5 58. Ba2 Kb4 59. Bxd5 Ka3 60.
Kc2 1/2-1/2

[Event "Bulgaria ch 2012"]
[Site "Panagyurishte BUL"]
[Date "2012.04.22"]
[Round "5.1"]
[White "Enchev, Ivajlo"]
[Black "Cheparinov, Ivan"]
[Result "0-1"]
[WhiteElo "2432"]
[BlackElo "2664"]
[PlyCount "90"]
[EventDate "2012.04.18"]
[EventType "tourn"]
[EventRounds "11"]
[EventCountry "BUL"]
[EventCategory "11"]
[Source "lmi"]
[SourceDate "2012.04.18"]

1. d4 e6 2. c4 b6 3. a3 Bb7 4. Nc3 f5 5. d5 Nf6 6. g3 Na6 7. Bg2 Nc5 8. Qc2 Bd6
9. Nh3 O-O 10. O-O Be5 11. Rd1 Qe7 12. Nf4 Rae8 13. Be3 Nce4 14. Nxe4 fxe4 15.
dxe6 dxe6 16. c5 g5 17. Nh3 h6 18. c6 Bc8 19. Rd2 Bd6 20. Bxe4 Nxe4 21. Qxe4 e5
22. Qg6+ Qg7 23. Qxg7+ Kxg7 24. Kg2 e4 25. Ng1 Re6 26. Rc1 Ba6 27. Rd5 Kg6 28.
Rd4 Rf5 29. Ra4 Ra5 30. Rxa5 bxa5 31. a4 Re5 32. Bxa7 Rd5 33. Be3 Kf7 34. f3
exf3+ 35. Nxf3 Bxe2 36. Nd4 Bd3 37. Kf3 Be5 38. Rc3 g4+ 39. Kxg4 Ba6 40. Nf5
Be2+ 41. Kh3 Bxc3 42. Nxh6+ Kg6 43. bxc3 Rh5+ 44. Kg2 Rxh6 45. Bxh6 Kxh6 0-1

[Event "Bulgaria ch 2012"]
[Site "Panagyurishte BUL"]
[Date "2012.04.22"]
[Round "5.2"]
[White "Petkov, Vladimir"]
[Black "Delchev, Aleksander"]
[Result "1/2-1/2"]
[WhiteElo "2509"]
[BlackElo "2622"]
[PlyCount "80"]
[EventDate "2012.04.18"]
[EventType "tourn"]
[EventRounds "11"]
[EventCountry "BUL"]
[EventCategory "11"]
[Source "lmi"]
[SourceDate "2012.04.18"]

1. d4 Nf6 2. c4 g6 3. Nc3 d5 4. Bg5 Ne4 5. Bh4 Nxc3 6. bxc3 dxc4 7. e3 Be6 8.
Nf3 Bg7 9. Be2 Nd7 10. O-O Nb6 11. a4 a5 12. Nd2 O-O 13. Qc2 Qd7 14. Bf3 c6 15.
Qb2 Nc8 16. Ne4 b6 17. Bg3 Ra6 18. Rfd1 Bd5 19. Rab1 f5 20. Nd2 Bxf3 21. Nxf3
Qd5 22. Qa3 Nd6 23. Rd2 Rb8 24. Rdb2 Rb7 25. Be5 Bf8 26. Bxd6 exd6 27. Qa2 b5
28. Nd2 b4 29. Qxc4 Qxc4 30. Nxc4 d5 31. Nd2 c5 32. cxb4 Rxb4 33. Rxb4 axb4 34.
dxc5 Bxc5 35. Nb3 Ba7 36. a5 Rc6 37. Nd4 Bxd4 38. exd4 Ra6 39. Rxb4 Rxa5 40. h4
Kf7 1/2-1/2

[Event "Bulgaria ch 2012"]
[Site "Panagyurishte BUL"]
[Date "2012.04.22"]
[Round "5.3"]
[White "Arnaudov, G. Petar"]
[Black "Milchev, Nikolay"]
[Result "0-1"]
[WhiteElo "2476"]
[BlackElo "2421"]
[PlyCount "70"]
[EventDate "2012.04.18"]
[EventType "tourn"]
[EventRounds "11"]
[EventCountry "BUL"]
[EventCategory "11"]
[Source "lmi"]
[SourceDate "2012.04.18"]

1. d4 c5 2. e4 cxd4 3. c3 dxc3 4. Nxc3 e6 5. Nf3 a6 6. Bf4 Nc6 7. Bc4 Nge7 8.
O-O Ng6 9. Bg3 Be7 10. a4 O-O 11. Qd2 Qa5 12. Rfd1 f5 13. Bd6 Bxd6 14. Qxd6
fxe4 15. Nxe4 Qf5 16. Bd3 Nf4 17. Ng3 Qf6 18. Be4 a5 19. Bxc6 bxc6 20. Ne5 Ra7
21. Ne4 Qh4 22. f3 Rb7 23. Rd2 Rb3 24. Nc5 Re3 25. g3 Nh3+ 26. Kg2 Qh5 27. Ne4
Ba6 28. g4 Qh4 29. Ng3 Nf4+ 30. Kg1 Be2 31. Ra3 Nh3+ 32. Kg2 Nf4+ 33. Kf2 Rxe5
34. Qxe5 Qxh2+ 35. Ke3 Qg1+ 0-1

[Event "Bulgaria ch 2012"]
[Site "Panagyurishte BUL"]
[Date "2012.04.22"]
[Round "5.5"]
[White "Radulski, Julian"]
[Black "Rusev, Krasimir"]
[Result "0-1"]
[WhiteElo "2552"]
[BlackElo "2516"]
[PlyCount "44"]
[EventDate "2012.04.18"]
[EventType "tourn"]
[EventRounds "11"]
[EventCountry "BUL"]
[EventCategory "11"]
[Source "lmi"]
[SourceDate "2012.04.18"]

1. e4 e5 2. Nf3 Nc6 3. Bb5 Nf6 4. d3 Bc5 5. O-O Nd4 6. Nxd4 Bxd4 7. c3 Bb6 8.
d4 O-O 9. a4 a6 10. Bd3 d6 11. Bc2 Re8 12. Re1 h6 13. h3 Ba7 14. Ra3 d5 15.
exd5 Qxd5 16. Qe2 Bxh3 17. gxh3 exd4 18. Qf1 Rxe1 19. Qxe1 d3 20. Bb3 Qf3 21.
Be3 Re8 22. Nd2 Qxh3 0-1

[Event "Bulgaria ch 2012"]
[Site "Panagyurishte BUL"]
[Date "2012.04.23"]
[Round "6.2"]
[White "Rusev, Krasimir"]
[Black "Spasov, Vasil"]
[Result "1/2-1/2"]
[WhiteElo "2516"]
[BlackElo "2571"]
[PlyCount "32"]
[EventDate "2012.04.18"]
[EventType "tourn"]
[EventRounds "11"]
[EventCountry "BUL"]
[EventCategory "11"]
[Source "lmi"]
[SourceDate "2012.04.18"]

1. d4 Nf6 2. c4 g6 3. Nc3 Bg7 4. e4 d6 5. h3 O-O 6. Nf3 e5 7. d5 Nh5 8. g3 a5
9. Be2 Na6 10. Bg5 f6 11. Be3 f5 12. exf5 gxf5 13. Bg5 Bf6 14. Bh6 Bg7 15. Bg5
Bf6 16. Bh6 Bg7 1/2-1/2

[Event "Bulgaria ch 2012"]
[Site "Panagyurishte BUL"]
[Date "2012.04.23"]
[Round "6.3"]
[White "Nikolov, Momchil"]
[Black "Radulski, Julian"]
[Result "1-0"]
[WhiteElo "2550"]
[BlackElo "2552"]
[PlyCount "64"]
[EventDate "2012.04.18"]
[EventType "tourn"]
[EventRounds "11"]
[EventCountry "BUL"]
[EventCategory "11"]
[Source "lmi"]
[SourceDate "2012.04.18"]

1. d4 d5 2. c4 e6 3. Nc3 Be7 4. cxd5 exd5 5. Bf4 Nf6 6. e3 O-O 7. Bd3 c5 8.
Nge2 Nc6 9. O-O a6 10. dxc5 Bxc5 11. Rc1 h6 12. Bb1 Ba7 13. Qc2 Be6 14. Rfd1
Qe7 15. Ng3 Rfd8 16. Nh5 Kf8 17. Nxf6 Qxf6 18. Qh7 Ke7 19. Rd2 Rac8 20. Rcd1 g5
21. Bg3 Nb4 22. a3 Rh8 23. Ne4 dxe4 24. Qxe4 Nc6 25. Rd7+ Kf8 26. Rxb7 Kg8 27.
h3 h5 28. Bc7 Bb8 29. Qxc6 Kg7 30. Rxb8 Rxb8 31. Bxb8 Rxb8 32. b4 g4 1-0

[Event "Bulgaria ch 2012"]
[Site "Panagyurishte BUL"]
[Date "2012.04.23"]
[Round "6.4"]
[White "Milchev, Nikolay"]
[Black "Marholev, Dimitar"]
[Result "1-0"]
[WhiteElo "2421"]
[BlackElo "2383"]
[PlyCount "45"]
[EventDate "2012.04.18"]
[EventType "tourn"]
[EventRounds "11"]
[EventCountry "BUL"]
[EventCategory "11"]
[Source "lmi"]
[SourceDate "2012.04.18"]

1. c4 e5 2. Nc3 Bb4 3. Nd5 Be7 4. d4 d6 5. g3 c6 6. Nxe7 Qxe7 7. Bg2 Nf6 8. e4
O-O 9. Ne2 b5 10. cxb5 cxb5 11. O-O a5 12. Re1 Nbd7 13. Nc3 Ba6 14. Bg5 h6 15.
Nd5 Qd8 16. dxe5 dxe5 17. Be3 Rc8 18. Qd2 b4 19. a3 b3 20. Rac1 Rc4 21. Red1
Rxc1 22. Rxc1 Bb5 23. Rc8 1-0

[Event "Bulgaria ch 2012"]
[Site "Panagyurishte BUL"]
[Date "2012.04.23"]
[Round "6.5"]
[White "Delchev, Aleksander"]
[Black "Arnaudov, G. Petar"]
[Result "1/2-1/2"]
[WhiteElo "2622"]
[BlackElo "2476"]
[PlyCount "80"]
[EventDate "2012.04.18"]
[EventType "tourn"]
[EventRounds "11"]
[EventCountry "BUL"]
[EventCategory "11"]
[Source "lmi"]
[SourceDate "2012.04.18"]

1. Nf3 Nf6 2. c4 e6 3. g3 d5 4. Bg2 Be7 5. O-O O-O 6. b3 b6 7. Bb2 Bb7 8. e3
Nbd7 9. Nc3 Ne4 10. Qe2 Bf6 11. cxd5 Nxc3 12. Bxc3 Bxc3 13. dxc3 Bxd5 14. c4
Be4 15. Rad1 Qc8 16. Rd4 Nf6 17. Ne5 Bxg2 18. Kxg2 c5 19. Rd3 Qb7+ 20. Kg1 Rad8
21. Rfd1 Rxd3 22. Qxd3 h5 23. f3 Rc8 24. h3 Qe7 25. g4 hxg4 26. hxg4 g5 27. Kg2
Nh7 28. Qd7 Rc7 29. Qxe7 Rxe7 30. Rd8+ Kg7 31. f4 gxf4 32. exf4 Nf8 33. Kf3 f6
34. Nc6 Rc7 35. Rd6 Kf7 36. g5 Ke8 37. Rd8+ Kf7 38. Rd6 Ke8 39. Rd8+ Kf7 40.
Rd6 Ke8 1/2-1/2

[Event "Bulgaria ch 2012"]
[Site "Panagyurishte BUL"]
[Date "2012.04.23"]
[Round "6.6"]
[White "Enchev, Ivajlo"]
[Black "Petkov, Vladimir"]
[Result "1/2-1/2"]
[WhiteElo "2432"]
[BlackElo "2509"]
[PlyCount "74"]
[EventDate "2012.04.18"]
[EventType "tourn"]
[EventRounds "11"]
[EventCountry "BUL"]
[EventCategory "11"]
[Source "lmi"]
[SourceDate "2012.04.18"]

1. d4 Nf6 2. c4 e6 3. Nc3 Bb4 4. e3 O-O 5. Nge2 d5 6. a3 Bd6 7. cxd5 exd5 8. g3
Bf5 9. Bg2 Qd7 10. O-O Bh3 11. f3 Bxg2 12. Kxg2 Re8 13. Qd3 c5 14. dxc5 Bxc5
15. Rd1 Nc6 16. Nxd5 Nxd5 17. Qxd5 Qe7 18. e4 Rad8 19. Qb3 Bb6 20. Be3 Na5 21.
Qb4 Qxb4 22. axb4 Nc4 23. Bxb6 axb6 24. Rxd8 Rxd8 25. b3 Ne5 26. Ra7 g6 27.
Rxb7 Rd2 28. Kf2 Rd3 29. f4 Ng4+ 30. Ke1 Rxb3 31. Rxb6 Rb1+ 32. Kd2 Rb2+ 33.
Kd3 Nf2+ 34. Ke3 Ng4+ 35. Kd3 Nf2+ 36. Ke3 Ng4+ 37. Kd3 Nf2+ 1/2-1/2

[Event "Bulgaria ch 2012"]
[Site "Panagyurishte BUL"]
[Date "2012.04.24"]
[Round "7.1"]
[White "Petkov, Vladimir"]
[Black "Cheparinov, Ivan"]
[Result "0-1"]
[WhiteElo "2509"]
[BlackElo "2664"]
[PlyCount "102"]
[EventDate "2012.04.18"]
[EventType "tourn"]
[EventRounds "11"]
[EventCountry "BUL"]
[EventCategory "11"]
[Source "lmi"]
[SourceDate "2012.04.18"]

1. d4 Nf6 2. c4 g6 3. Nc3 d5 4. Bg5 Ne4 5. Bh4 Nxc3 6. bxc3 dxc4 7. e3 Be6 8.
Nf3 Nd7 9. Ng5 Bd5 10. e4 h6 11. exd5 hxg5 12. Bxg5 Nb6 13. Bxc4 Nxc4 14. Qa4+
Qd7 15. Qxc4 Rh5 16. Bf4 Qxd5 17. Qxd5 Rxd5 18. Ke2 O-O-O 19. h4 Bg7 20. Rad1
c5 21. dxc5 Rxc5 22. g4 Rc4 23. Kf3 Rxc3+ 24. Be3 Rh8 25. h5 gxh5 26. Rxh5 b6
27. Rhd5 Bf6 28. a4 e6 29. Rh5 Rd8 30. Rxd8+ Bxd8 31. Rh7 Rc7 32. g5 Rd7 33.
Rh8 Kc7 34. Rf8 Kc6 35. Ke4 a6 36. f4 b5 37. axb5+ axb5 38. Bd4 b4 39. Rh8 Kb5
40. Rh1 b3 41. Rc1 Rc7 42. Rd1 Kb4 43. Be5 Rc4+ 44. Kf3 Bc7 45. Bd4 Bd6 46. Rd3
Ka3 47. Rd1 Kb4 48. Rd3 Ka4 49. Rd1 Bb4 50. Bf6 Bc3 51. Rd7 b2 0-1

[Event "Bulgaria ch 2012"]
[Site "Panagyurishte BUL"]
[Date "2012.04.24"]
[Round "7.3"]
[White "Marholev, Dimitar"]
[Black "Delchev, Aleksander"]
[Result "1-0"]
[WhiteElo "2383"]
[BlackElo "2622"]
[PlyCount "83"]
[EventDate "2012.04.18"]
[EventType "tourn"]
[EventRounds "11"]
[EventCountry "BUL"]
[EventCategory "11"]
[Source "lmi"]
[SourceDate "2012.04.18"]

1. d4 Nf6 2. Nf3 e6 3. g3 c5 4. Bg2 cxd4 5. O-O d5 6. Nxd4 Be7 7. c4 O-O 8.
cxd5 Nxd5 9. Nc3 Nxc3 10. bxc3 Qa5 11. Qb3 Na6 12. c4 Rd8 13. Bb2 Nc5 14. Qc2
Na4 15. Nb3 Qc7 16. Bd4 e5 17. Be3 Be6 18. c5 Rac8 19. Rac1 b5 20. Rfd1 Rxd1+
21. Rxd1 b4 22. c6 Nc3 23. Rd2 a5 24. a3 e4 25. Nd4 Bd5 26. Bh3 Rb8 27. Nf5 Bf6
28. Bf4 Be5 29. Rxd5 Nxd5 30. Qxe4 Nxf4 31. gxf4 Bf6 32. axb4 a4 33. Ne3 Kh8
34. Qc4 a3 35. Nd5 Qxc6 36. Qxc6 a2 37. Bc8 a1=Q+ 38. Kg2 g6 39. Qc7 Qa8 40.
Qxf7 Rxc8 41. Qxf6+ Kg8 42. e4 1-0

[Event "Bulgaria ch 2012"]
[Site "Panagyurishte BUL"]
[Date "2012.04.24"]
[Round "7.4"]
[White "Radulski, Julian"]
[Black "Milchev, Nikolay"]
[Result "1/2-1/2"]
[WhiteElo "2552"]
[BlackElo "2421"]
[PlyCount "91"]
[EventDate "2012.04.18"]
[EventType "tourn"]
[EventRounds "11"]
[EventCountry "BUL"]
[EventCategory "11"]
[Source "lmi"]
[SourceDate "2012.04.18"]

1. e4 d6 2. f4 g6 3. Nf3 Bg7 4. d4 Nf6 5. e5 Nd5 6. c4 Nb6 7. Nc3 dxe5 8. Nxe5
O-O 9. Be3 Nc6 10. Be2 Nxe5 11. fxe5 c5 12. dxc5 Nd7 13. O-O Nxe5 14. Qb3 Bg4
15. Rad1 Qc8 16. Nd5 Re8 17. Qc2 Bxe2 18. Qxe2 Qg4 19. Qxg4 Nxg4 20. Bd4 Rac8
21. h3 Bxd4+ 22. Rxd4 Ne5 23. b4 f6 24. a3 Kf7 25. Rfd1 g5 26. Kf2 h5 27. Ke2
Rc6 28. Kd2 b6 29. Re4 bxc5 30. b5 Rd6 31. Kc3 Red8 32. Rf1 Ng6 33. a4 h4 34.
a5 e5 35. Re2 Nf4 36. Rd2 Nxd5+ 37. cxd5 Rxd5 38. Rxd5 Rxd5 39. Kc4 Rd2 40. Rb1
Rc2+ 41. Kd3 Ra2 42. b6 axb6 43. axb6 Ra8 44. Kc4 Ke6 45. Kxc5 Rc8+ 46. Kb5
1/2-1/2

[Event "Bulgaria ch 2012"]
[Site "Panagyurishte BUL"]
[Date "2012.04.24"]
[Round "7.5"]
[White "Spasov, Vasil"]
[Black "Nikolov, Momchil"]
[Result "1/2-1/2"]
[WhiteElo "2571"]
[BlackElo "2550"]
[PlyCount "81"]
[EventDate "2012.04.18"]
[EventType "tourn"]
[EventRounds "11"]
[EventCountry "BUL"]
[EventCategory "11"]
[Source "lmi"]
[SourceDate "2012.04.18"]

1. e4 c5 2. Nf3 e6 3. c3 Nf6 4. e5 Nd5 5. d4 cxd4 6. cxd4 d6 7. Bc4 Nc6 8. O-O
Be7 9. Qe2 O-O 10. Rd1 Na5 11. Bxd5 exd5 12. Nc3 Be6 13. h3 Re8 14. Bf4 Rc8 15.
Rac1 a6 16. exd6 Bxd6 17. Bxd6 Qxd6 18. Re1 Bd7 19. Qc2 h6 20. Rxe8+ Rxe8 21.
Re1 Rxe1+ 22. Nxe1 Nc6 23. Nf3 Nd8 24. Qe2 f6 25. a3 Ne6 26. Qe3 Kf7 27. g3 Ng5
28. Nxg5+ hxg5 29. Kg2 Qe6 30. Qxe6+ Kxe6 31. g4 a5 32. f3 Be8 33. Kg3 b6 34.
Kf2 Kd6 35. Ke3 Ke6 36. Kd2 Kd6 37. Nd1 Bg6 38. Ne3 Ke6 39. Nd1 Kd6 40. Nc3 Be8
41. Ke3 1/2-1/2

[Event "Bulgaria ch 2012"]
[Site "Panagyurishte BUL"]
[Date "2012.04.24"]
[Round "7.6"]
[White "Janev, Evgeni"]
[Black "Rusev, Krasimir"]
[Result "0-1"]
[WhiteElo "2484"]
[BlackElo "2516"]
[PlyCount "46"]
[EventDate "2012.04.18"]
[EventType "tourn"]
[EventRounds "11"]
[EventCountry "BUL"]
[EventCategory "11"]
[Source "lmi"]
[SourceDate "2012.04.18"]

1. e4 c5 2. c3 d5 3. exd5 Qxd5 4. Nf3 Nc6 5. Na3 Bf5 6. d4 cxd4 7. Nb5 O-O-O 8.
cxd4 e5 9. Nc3 Qa5 10. Be3 Nf6 11. Bb5 exd4 12. Nxd4 Nxd4 13. Bxd4 Qb4 14. Be5
Rxd1+ 15. Rxd1 a6 16. Be2 Bc5 17. O-O Re8 18. Bg3 Qxb2 19. Na4 Qxe2 20. Nxc5 b6
21. Na4 Kb7 22. Rd6 Re6 23. Rd8 Bd3 0-1

[Event "Bulgaria ch 2012"]
[Site "Panagyurishte BUL"]
[Date "2012.04.25"]
[Round "8.1"]
[White "Cheparinov, Ivan"]
[Black "Rusev, Krasimir"]
[Result "1/2-1/2"]
[WhiteElo "2664"]
[BlackElo "2516"]
[PlyCount "81"]
[EventDate "2012.04.18"]
[EventType "tourn"]
[EventRounds "11"]
[EventCountry "BUL"]
[EventCategory "11"]
[Source "lmi"]
[SourceDate "2012.04.18"]

1. e4 e5 2. Nf3 Nc6 3. Bb5 Nf6 4. O-O Nxe4 5. d4 Nd6 6. Bxc6 dxc6 7. dxe5 Nf5
8. Qxd8+ Kxd8 9. Nc3 Ke8 10. h3 Be7 11. g4 Nh4 12. Nxh4 Bxh4 13. Kg2 h5 14. f3
Be6 15. Rd1 Rd8 16. Be3 a6 17. Ne2 Rd5 18. Nd4 Rxe5 19. Bf4 Rc5 20. b3 Rd5 21.
c4 Rxd4 22. Rxd4 Bf6 23. Rad1 Bxd4 24. Rxd4 f6 25. Bxc7 Kf7 26. Bb6 hxg4 27.
hxg4 Re8 28. Kg3 Re7 29. Bc5 Rd7 30. Bd6 c5 31. Bxc5 Rxd4 32. Bxd4 g5 33. f4
gxf4+ 34. Kxf4 Ke7 35. Bc5+ Kd7 36. a4 Ke8 37. Bd4 Ke7 38. a5 Kf7 39. Bc5 Ke8
40. Bd6 Kd7 41. Ba3 1/2-1/2

[Event "Bulgaria ch 2012"]
[Site "Panagyurishte BUL"]
[Date "2012.04.25"]
[Round "8.2"]
[White "Nikolov, Momchil"]
[Black "Janev, Evgeni"]
[Result "1/2-1/2"]
[WhiteElo "2550"]
[BlackElo "2484"]
[PlyCount "161"]
[EventDate "2012.04.18"]
[EventType "tourn"]
[EventRounds "11"]
[EventCountry "BUL"]
[EventCategory "11"]
[Source "lmi"]
[SourceDate "2012.04.18"]

1. d4 d6 2. c4 g6 3. Nc3 Bg7 4. e4 c6 5. Be3 Nf6 6. f3 a6 7. c5 O-O 8. Nge2
Nbd7 9. Qd2 b5 10. cxd6 exd6 11. Rd1 Nb6 12. b3 Re8 13. Nf4 Qe7 14. Kf2 Bb7 15.
Bd3 c5 16. d5 Rac8 17. Rhe1 c4 18. Bxb6 cxd3 19. Rc1 Nd7 20. Be3 Qh4+ 21. Kg1
Rxc3 22. Rxc3 Bxc3 23. Qxc3 Rc8 24. Qb4 Ne5 25. Rf1 Rc2 26. Qd4 Qf6 27. Nxd3
Rd2 28. f4 Rxd3 29. fxe5 Qxf1+ 30. Kxf1 Rxd4 31. Bxd4 dxe5 32. Bxe5 f5 33. d6
Kf7 34. exf5 gxf5 35. b4 Ke6 36. Bf4 Bc6 37. Kf2 Kd5 38. Ke3 Be8 39. a3 Bd7 40.
Kf3 Ke6 41. Kg3 Bc6 42. Kh4 Kf6 43. Kh5 Kf7 44. Kh6 Kg8 45. Kg5 Kf7 46. Kxf5
Bxg2 47. Ke5 Bc6 48. Kd4 Ke6 49. Kc5 Be8 50. Kb6 Bd7 51. Kxa6 Kd5 52. Kb6 Be8
53. Kc7 Ke6 54. Be3 Bd7 55. Bc5 Be8 56. h4 h5 57. Bg1 Bd7 58. Bf2 Be8 59. Bc5
Bd7 60. Kb6 Kd5 61. Kc7 Ke6 62. Bb6 Be8 63. Ba7 Bd7 64. Bd4 Be8 65. Bg7 Bd7 66.
Bf8 Be8 67. Bh6 Bd7 68. Bg5 Be8 69. Bf4 Bd7 70. Be3 Be8 71. Bc5 Bd7 72. Kb6 Kd5
73. a4 bxa4 74. b5 Kc4 75. Ba3 Bxb5 76. Bb2 Be8 77. Kc7 Kd5 78. d7 Bxd7 79.
Kxd7 Ke4 80. Ke6 Kf4 81. Kd5 1/2-1/2

[Event "Bulgaria ch 2012"]
[Site "Panagyurishte BUL"]
[Date "2012.04.25"]
[Round "8.3"]
[White "Milchev, Nikolay"]
[Black "Spasov, Vasil"]
[Result "0-1"]
[WhiteElo "2421"]
[BlackElo "2571"]
[PlyCount "68"]
[EventDate "2012.04.18"]
[EventType "tourn"]
[EventRounds "11"]
[EventCountry "BUL"]
[EventCategory "11"]
[Source "lmi"]
[SourceDate "2012.04.18"]

1. d4 Nf6 2. c4 g6 3. Nc3 Bg7 4. e4 d6 5. Nf3 O-O 6. h3 e5 7. dxe5 dxe5 8. Be3
Nc6 9. Be2 b6 10. O-O Bb7 11. Re1 Nd4 12. Nxd4 exd4 13. Bxd4 Nxe4 14. Nd5 c5
15. Bxg7 Kxg7 16. Bf3 Bxd5 17. cxd5 Nd6 18. Qd2 Qf6 19. b3 Rfe8 20. a4 Rac8 21.
Rxe8 Rxe8 22. Re1 Rxe1+ 23. Qxe1 h5 24. Qe2 h4 25. Bg4 Qd4 26. Qe7 Ne4 27. Bf3
Qxf2+ 28. Kh2 Qg3+ 29. Kg1 Nd6 30. Kf1 Nf5 31. Qxa7 Ne3+ 32. Ke2 Nxg2 33. Qd7
Qe1+ 34. Kd3 Nf4+ 0-1

[Event "Bulgaria ch 2012"]
[Site "Panagyurishte BUL"]
[Date "2012.04.25"]
[Round "8.4"]
[White "Delchev, Aleksander"]
[Black "Radulski, Julian"]
[Result "1/2-1/2"]
[WhiteElo "2622"]
[BlackElo "2552"]
[PlyCount "80"]
[EventDate "2012.04.18"]
[EventType "tourn"]
[EventRounds "11"]
[EventCountry "BUL"]
[EventCategory "11"]
[Source "lmi"]
[SourceDate "2012.04.18"]

1. c4 e6 2. g3 d5 3. Bg2 Nf6 4. Nf3 Be7 5. O-O O-O 6. b3 b6 7. Bb2 Bb7 8. e3
Nbd7 9. Nc3 Ne4 10. Qe2 Nxc3 11. Bxc3 Nf6 12. d3 c5 13. Ne5 Nd7 14. Nxd7 Qxd7
15. Qb2 f6 16. cxd5 Bxd5 17. e4 Bc6 18. d4 cxd4 19. Bxd4 Rfd8 20. Bc3 e5 21. b4
Qe6 22. Rfc1 Rac8 23. Qe2 Rc7 24. Be1 Rdc8 25. Bf3 Bd7 26. Rxc7 Rxc7 27. Qe3
Qc6 28. Bd2 Be6 29. Rc1 Qd7 30. Rxc7 Qxc7 31. a3 Qc2 32. Qc3 Qxc3 33. Bxc3 Bd6
34. Be2 Kf8 35. f3 Ke7 36. Kf2 a5 37. bxa5 bxa5 38. Bxa5 Bc5+ 39. Kg2 Bxa3 40.
Bb6 Bd6 1/2-1/2

[Event "Bulgaria ch 2012"]
[Site "Panagyurishte BUL"]
[Date "2012.04.25"]
[Round "8.5"]
[White "Enchev, Ivajlo"]
[Black "Marholev, Dimitar"]
[Result "1-0"]
[WhiteElo "2432"]
[BlackElo "2383"]
[PlyCount "75"]
[EventDate "2012.04.18"]
[EventType "tourn"]
[EventRounds "11"]
[EventCountry "BUL"]
[EventCategory "11"]
[Source "lmi"]
[SourceDate "2012.04.18"]

1. d4 Nf6 2. c4 c5 3. d5 e6 4. Nc3 exd5 5. cxd5 d6 6. Nf3 g6 7. h3 Bg7 8. Bf4
O-O 9. e3 Na6 10. Be2 Nc7 11. O-O Rb8 12. a4 a6 13. e4 Nh5 14. Bh2 Re8 15. Nd2
Nf6 16. a5 Bf8 17. Re1 Bd7 18. Bf1 Nb5 19. Nxb5 Bxb5 20. Bxb5 axb5 21. Qb3 Bh6
22. f4 Nh5 23. Rf1 Nf6 24. Rfe1 Nh5 25. Qf3 Nf6 26. g4 Bg7 27. Qb3 Qd7 28. Rad1
c4 29. Qf3 Qc7 30. e5 Nd7 31. Ne4 dxe5 32. f5 Qxa5 33. Rf1 Qc7 34. Kh1 b4 35.
fxg6 fxg6 36. Qf7+ Kh8 37. Ng5 Qd8 38. Ne6 1-0

[Event "Bulgaria ch 2012"]
[Site "Panagyurishte BUL"]
[Date "2012.04.25"]
[Round "8.6"]
[White "Petkov, Vladimir"]
[Black "Arnaudov, G. Petar"]
[Result "1/2-1/2"]
[WhiteElo "2509"]
[BlackElo "2476"]
[PlyCount "81"]
[EventDate "2012.04.18"]
[EventType "tourn"]
[EventRounds "11"]
[EventCountry "BUL"]
[EventCategory "11"]
[Source "lmi"]
[SourceDate "2012.04.18"]

1. Nf3 Nf6 2. c4 e6 3. Nc3 d5 4. d4 c5 5. e3 Nc6 6. a3 cxd4 7. exd4 Be7 8. Bd3
dxc4 9. Bxc4 O-O 10. O-O b6 11. Be3 Bb7 12. Qe2 Rc8 13. Rad1 Na5 14. Bd3 Nd5
15. Ne4 Nf6 16. Nxf6+ Bxf6 17. b4 Nc6 18. Be4 Qc7 19. Ng5 Bxg5 20. Bxg5 Ne7 21.
Bxb7 Qxb7 22. Bxe7 Qxe7 23. d5 Rfd8 24. dxe6 Qxe6 25. Qxe6 fxe6 26. g3 Kf7 27.
Rxd8 Rxd8 28. Rc1 Rd7 29. Kg2 Kf6 30. Rc3 h5 31. h4 g6 32. Kf3 Rd5 33. Ke4 a5
34. bxa5 Rxa5 35. Rb3 Ra4+ 36. Rb4 Rxa3 37. Rxb6 Ra4+ 38. Kf3 Ra5 39. Kg2 g5
40. hxg5+ Rxg5 41. Rb4 1/2-1/2

[Event "Bulgaria ch 2012"]
[Site "Panagyurishte BUL"]
[Date "2012.04.26"]
[Round "9.1"]
[White "Arnaudov, G. Petar"]
[Black "Cheparinov, Ivan"]
[Result "0-1"]
[WhiteElo "2476"]
[BlackElo "2664"]
[PlyCount "104"]
[EventDate "2012.04.18"]
[EventType "tourn"]
[EventRounds "11"]
[EventCountry "BUL"]
[EventCategory "11"]
[Source "lmi"]
[SourceDate "2012.04.18"]

1. Nf3 Nf6 2. c4 g6 3. Nc3 d5 4. cxd5 Nxd5 5. Qc2 Nc6 6. d4 Ndb4 7. Qa4 Bd7 8.
Qd1 e5 9. dxe5 Bf5 10. Bg5 Be7 11. e4 Bg4 12. Bxe7 Qxe7 13. a3 Bxf3 14. gxf3
Rd8 15. Qa4 Nd3+ 16. Bxd3 Rxd3 17. Qb5 Rxf3 18. Qxb7 Nd8 19. Qb4 Qh4 20. O-O-O
a5 21. Qb5+ Kf8 22. e6 Qf4+ 23. Kb1 Nxe6 24. Rd3 Rxf2 25. Qxa5 Rxh2 26. Rxh2
Qxh2 27. Nd1 Kg8 28. Qc3 h5 29. Ne3 c6 30. Qf6 Qh1+ 31. Ka2 Qxe4 32. Rd7 Rh7
33. Qe7 Rg7 34. Qe8+ Kh7 35. Rxf7 Rxf7 36. Qxf7+ Kh6 37. Qf2 Nf4 38. b3 g5 39.
a4 h4 40. a5 Qd3 41. Nc4 Qe2+ 42. Qxe2 Nxe2 43. Kb2 h3 44. Ne3 Kh5 45. Nf1 Nf4
46. a6 Ne6 47. a7 Nc7 48. Kc2 Kh4 49. Kd2 g4 50. Ke3 g3 51. Kf4 g2 52. Nh2 Kh5
0-1

[Event "Bulgaria ch 2012"]
[Site "Panagyurishte BUL"]
[Date "2012.04.26"]
[Round "9.4"]
[White "Spasov, Vasil"]
[Black "Delchev, Aleksander"]
[Result "1/2-1/2"]
[WhiteElo "2571"]
[BlackElo "2622"]
[PlyCount "80"]
[EventDate "2012.04.18"]
[EventType "tourn"]
[EventRounds "11"]
[EventCountry "BUL"]
[EventCategory "11"]
[Source "lmi"]
[SourceDate "2012.04.18"]

1. e4 d5 2. exd5 Qxd5 3. Nc3 Qa5 4. d4 Nf6 5. Bd2 Bg4 6. Be2 Bxe2 7. Ncxe2 Qa6
8. Nf3 e6 9. O-O Nbd7 10. b3 Bd6 11. c4 O-O 12. Bc3 Rfe8 13. Qc2 e5 14. dxe5
Nxe5 15. Nxe5 Bxe5 16. Rfe1 Bxc3 17. Nxc3 Qa5 18. h3 Re5 19. Rad1 Rae8 20. Rxe5
Qxe5 21. Nd5 Nxd5 22. Rxd5 Qe1+ 23. Kh2 g6 24. Qd2 Qxd2 25. Rxd2 Kg7 26. g4 g5
27. Kg3 Re7 28. h4 h6 29. f3 Kf6 30. h5 a5 31. Rd8 b6 32. Rh8 Kg7 33. Rc8 Kf6
34. Kf2 Ke5 35. Rh8 Re6 36. Rf8 Kf6 37. Rh8 Ke5 38. Rf8 Kf6 39. Rh8 Kg7 40. Rc8
c5 1/2-1/2